Securing America's Passenger-Rail Systems (Record no. 352519)
[ view plain ]
| 000 -LEADER | |
|---|---|
| fixed length control field | 00618nam a2200133Ia 4500 |
| 008 - FIXED-LENGTH DATA ELEMENTS--GENERAL INFORMATION | |
| fixed length control field | 171212s9999 xx 000 0 und d |
| 020 ## - INTERNATIONAL STANDARD BOOK NUMBER | |
| International Standard Book Number | 9780833041173 |
| 100 ## - MAIN ENTRY--PERSONAL NAME | |
| Personal name | Wilson, Jeremy M.;Jackson, Brian A.;Eisman, Mel;Steinberg, Paul;Riley, K. Jack |
| 245 ## - TITLE STATEMENT | |
| Statement of responsibility, etc | Wilson, Jeremy M.;Jackson, Brian A.;Eisman, Mel;Steinberg, Paul;Riley, K. Jack |
| Title | Securing America's Passenger-Rail Systems |
| 260 ## - PUBLICATION, DISTRIBUTION, ETC. (IMPRINT) | |
| Name of publisher, distributor, etc | RAND Corporation |
| Date of publication, distribution, etc | 2007 |
| 650 ## - SUBJECT ADDED ENTRY--TOPICAL TERM | |
| Topical term or geographic name as entry element | Political Science |
| 650 ## - SUBJECT ADDED ENTRY--TOPICAL TERM | |
| Topical term or geographic name as entry element | Railroads -- United States -- Passenger traffic; Transportation -- United States -- Passenger traffic |
| 856 ## - ELECTRONIC LOCATION AND ACCESS | |
| Uniform Resource Identifier | <a href="www.jstor.org/stable/10.7249/mg705nij">www.jstor.org/stable/10.7249/mg705nij</a> |
| Withdrawn status | Lost status | Damaged status | Home library | Current library | Date acquired | Total Checkouts | Full call number | Date last seen | Price effective from | Koha item type |
|---|---|---|---|---|---|---|---|---|---|---|
| College Library | College Library | 12/12/2017 | TF23.S43 2008 | 12/12/2017 | 12/12/2017 | Curriculum - Based eBooks |